| 000 | 00890nas a2200277 4500 | ||
|---|---|---|---|
| 001 | BR2015006592 | ||
| 003 | BR-BrBNA | ||
| 005 | 20231205125931.0 | ||
| 007 | ta | ||
| 008 | 230509b bl.|||p| |||| 00| 00por d | ||
| 040 |
_aBR-BrBNA _bpor _cBiblioteca Nacional de Agricultura |
||
| 041 | _a(Pt) | ||
| 072 | _aL73 | ||
| 100 | 1 | _aBaltazar, F.N. | |
| 100 | 1 | _aSena, A.L. de | |
| 100 | 1 | _aAugusto, C.F.B. | |
| 100 | 1 | _aChemin, A. | |
| 100 | 1 | _aBearl, C.A. | |
| 100 | 1 | _aQuinzani, M. | |
| 245 | 1 | _aAssociação do sulfato de vincristina no manejo terapêutico da trombocitopenia imunomediada canina: relato de caso | |
| 650 | _aCAO | ||
| 650 | _aDOENCA ANIMAL | ||
| 773 | 0 |
_tRevista de Educação Continuada em Medicina Veterinária e Zootecnia (Brazil) _xISSN 2179-6645 _g(2015), v. 13(1) p. 6-9 _wBR2015006592 |
|
| 909 |
_a202311 _bLúcia _c55 _dLúcia Elande |
||
| 942 |
_2AGRIS _n0 _cANA |
||
| 999 |
_c246981 _d246981 |
||